000 00931nam a22002297a 4500
999 _c161272
_d161272
005 20190918123226.0
010 _a1819CHEN B-719810-830
020 _c300.00
_a8188585122
035 _aB-719810-830
035 _aB-730055
037 _bNavyug Sahitya
082 _a920
100 _aSharma, C.L.
245 _aNetaji Subhash Chandra Bose /
_cby C.L. Sharma
260 _aDelhi
_bNavyug Sahitya
_c2018
270 _a485-A/3, First Floor, Bholanath Nagar, Shahdara
_bDelhi
_e110032
300 _a128p.:
_bill.
_c22cm(Hb)
500 _aAirport
942 _2ddc
_cCH
_h920
_mBOS